Návrh vtokovej sústavy a postupu povrchovej úpravy umeleckého odliatku figurálnej plastiky aplikovaním technológie presného liatia

Saved in:
Bibliographic Details
Main Author: Giertl, Róbert, 1986- (Author)
Other Authors: Belica, Eugen, 1957- (Thesis advisor)
Format: Manuscript Book
Language:Slovak
Published: Trnava : STU v Bratislave MTF UVTE KOM, 2012
Subjects:
Online Access:VAIS
Tags: Add Tag
No Tags, Be the first to tag this record!

MARC

LEADER 00000ntm a22000003a 4500
001 stu253843
005 20150617230228.8
008 120831s2012----xo------------------slo-d
040 |a STU  |b slo 
041 0 |a slo 
044 |a xo 
100 1 |a Giertl, Róbert,  |d 1986-  |4 aut  |u M  |T MTF Materiálovotechnologická fakulta  |X 37772  |U M  |Y 60  |7 A000037772 
242 0 0 |a Draft in flow system coating process and artistic cast figural sculpture applying precision casting technology  |y eng 
245 1 |a Návrh vtokovej sústavy a postupu povrchovej úpravy umeleckého odliatku figurálnej plastiky aplikovaním technológie presného liatia 
260 |a Trnava :  |b STU v Bratislave MTF UVTE KOM,  |c 2012 
300 |a 81s  |c CD ROM 
650 7 |a gating system  |2 estusub 
650 7 |a priemyselné a umelecké zlievarenstvo  |2 stusub 
650 7 |a Industrial and Art Foundry  |2 estusub 
700 1 |a Belica, Eugen,  |d 1957-  |4 ths  |u M3000  |U MTF Materiálovotechnologická fakulta  |T MTF Ústav výrobných technológií  |X 2795  |U M3000  |Y 83  |7 A000002795 
856 4 |a info a plný text  |u http://is.stuba.sk/zp/portal_zp.pl?podrobnosti=91125  |3 VAIS 
996 |c M*DP-10946  |l MMSKP  |s P  |a 0  |w stu253843_0001